Principles of accounting / (Record no. 2010)

MARC details
000 -LEADER
fixed length control field 01073cam a22002772 4500
001 - CONTROL NUMBER
control field 0000002522
005 - DATE AND TIME OF LATEST TRANSACTION
control field 20151217145729.0
008 - FIXED-LENGTH DATA ELEMENTS--GENERAL INFORMATION
fixed length control field 070412s xx 000 0 eng d
020 ## - INTERNATIONAL STANDARD BOOK NUMBER
International Standard Book Number 0618124225 (student text) :
Terms of availability KES 4,480
040 ## - CATALOGING SOURCE
Original cataloging agency KABU
Transcribing agency KABU
050 #0 - LIBRARY OF CONGRESS CALL NUMBER
Classification number HF5635
Item number .N44 2002
100 1# - MAIN ENTRY--PERSONAL NAME
Personal name Needles, Belverd E.
-- 0000151783
245 10 - TITLE STATEMENT
Title Principles of accounting /
Statement of responsibility, etc. Belverd E. Needles, Jr., Marian Powers, Susan V. Crosson.
250 ## - EDITION STATEMENT
Edition statement 2002 [ed.]
260 ## - PUBLICATION, DISTRIBUTION, ETC. (IMPRINT)
Place of publication, distribution, etc. Boston :
Name of publisher, distributor, etc. Houghton Mifflin Co.,
Date of publication, distribution, etc. c2002.
300 ## - PHYSICAL DESCRIPTION
Extent xivi, 1249 p. :
Other physical details col. ill. ;
Dimensions 29 cm +
Accompanying material 1 computer laser optical disc (4 3/4 in.)
500 ## - GENERAL NOTE
General note Rev. ed. of: Principles of accounting / Belverd E. Needles, Jr... et al. 7th ed. c1999.
504 ## - BIBLIOGRAPHY, ETC. NOTE
Bibliography, etc Includes bibliographical references and indexes.
650 #0 - SUBJECT ADDED ENTRY--TOPICAL TERM
Topical term or geographic name as entry element Accounting.
-- 0000148321
700 1# - ADDED ENTRY--PERSONAL NAME
Personal name Powers, Marian.
-- 0000151901
700 1# - ADDED ENTRY--PERSONAL NAME
Personal name Crosson, Susan V.
-- 0000151784
908 ## - PUT COMMAND PARAMETER (RLIN)
Put command parameter 070412
950 ## - LOCAL HOLDINGS (RLIN)
-- 1
Holdings
Withdrawn status Lost status Source of classification or shelving scheme Not for loan Home library Current library Date acquired Total Checkouts Full call number Barcode Date last seen Date last checked out Price effective from Koha item type
    Library of Congress Classification   Kabarak, Main Campus Kabarak, Main Campus 17/12/2015 2 HF5635 .N44 2002 005090 02/08/2024 12/01/2021 17/12/2015 General Collection
    Library of Congress Classification   Kabarak, Main Campus Kabarak, Main Campus 17/12/2015 3 HF5635 .N44 2002 010325 02/08/2024 12/01/2021 17/12/2015 General Collection
    Library of Congress Classification   Kabarak, Main Campus Kabarak, Main Campus 17/12/2015 1 HF5635 .N44 2002 005091 02/08/2024 05/11/2018 17/12/2015 General Collection
Designed with assistance from East African Informatics Ltd